000 nam a22 a 4500
999 _c186301
_d186301
003 BLK
005 20220823124948.0
008 180411b bul|||||r ||||||| ||bul||
010 _aKNG00195295000
040 _aBLK
041 _aBUL
_cBUL
080 _aВодоснабдяване. Пречистване на водите. Вж и 627.8; 628.3; 644. Вътрешна водопроводно-канализационна мрежа вж 696.1
_b628.1
_x(075.32)
_z628.1(075.32)
080 _aВътрешна водопроводно-канализационна мрежа
_b696.1
_x(075.32)
_z696.1(075.32)
100 1 _aМирянова, Лиляна Динева
_eпърви автор
_9384385
139 _aМирянова, Лиляна Динева и др.
_bМ 68
245 1 0 _aВодоснабдяване, канализация и пречистване на питейни и отпадъчни води
_bУчебник за строит. техникуми
_cЛиляна Динева Мирянова, Емилия К. Вълкова, Данка Т. Шиварова.
257 _aBGR
260 _aСофия
_bТехника
_c1974
300 _a496 с.
_bс ил.
_c23 см
380 _a62
500 _a5 066 тир. - Деп. екз. е доп. тир. 1978.
650 4 _aВодоснабдяване
_9151017
650 4 _aКанализация
_9158197
650 4 _aВоди, речни - пречистване
_9309451
700 1 _aВълкова, Емилия Кирилова
_eсъавт.
_9384386
700 1 _aШиварова, Данка Т.
_eсъавт.
_9344074
852 _aЦб 72232
856 4 _qpdf
856 4 _qpdf
942 _cKNG
_n0
_01
_s1
944 _aCR
_c05.11.2016
_kПравда_Бадева
944 _aED
_c2022-08-23
_kир
999 _d186301